000 00717nam a2200289Ia 4500
005 20260324112031.0
008 008 260324s9999 xx 000 0 eng d
020 _a9781003099031
037 _aEBOOK
040 _aCRL
040 _beng
040 _cCRL
041 _2eng
041 _aeng
084 _qCRL
100 _aAbraham George
_91141031
245 0 _aSymbolism, Cognition and Communication in Architecture
245 0 _bCommunities, Spatial Order and Architecture
260 _bTaylor and Francis
260 _c2024
365 _a
365 _b230
856 _uhttp://www.taylorfrancis.com/books/9781003099031
942 _cEBOOK
999 _c1730070
_d1730070